00320nam a2200133Ia 4500008004100000020001500041041001200056100001600068245003900084250000800123260003900131300000800170650000800178221030s9999 xx 000 0 und d a9332545496 aEnglish aT. L. Floyd 0aElectronic Devicescby T. L. Floyd a9th bPearson EducationaNew Delhic2016 a958 aECE